000 00437nam a22001577a 4500
999 _c8728
_d8728
003 OSt
008 200708b ||||| |||| 00| 0 eng d
020 _a 9788185731209
100 _aSingh, Harkishan & Kapoor, V.K.
245 _aOrganic Pharaceutical Chemistry
250 _a6th, 2016
_bReprint 2019
260 _aNew Delhi
_bVallabh Prakashan
300 _aPg. X+ 504
650 _aPharmaceutical Organic Chemistoy
942 _2ddc
_cBK
_02